000
00262nam a2200097Ia 4500
008
220204s9999 xx 000 0 und d
082
_a
NR:0161965/69
_b
ACS
245
0
_a
Bibliography: Closed cell sponge as extrusion and molding
260
_a
ACS
_b
1970
942
_c
BK
999
_c
43455
_d
43455